[Event "AUTO-ADV-682"]
[Site "http://www.queenalice.com/game.php?id=288507"]
[Date "2007.10.18"]
[Round "1"]
[White "lordean"]
[Black "razoman"]
[Result "1-0"]
[WhiteElo "1763"]
[BlackElo "1944"]

1. d4 e6 2. e4 c6 3. Nf3 Be7 4. Bd3 d5 5. e5 h6 6. O-O Nd7 7. Re1 c5 8. b3 cxd4
9. Nxd4 a6 10. Qg4 Nc5 11. Qxg7 Qa5 12. Nf3 Nxd3 13. cxd3 Bd7 14. Qxh8 O-O-O 15.
Bxh6 Nf6 16. Rc1+ Kb8 17. Qg7 Ng8 18. Qxf7 Nxh6 19. Qxe7 Nf5 20. Qc5 b5 21. b4
1-0

[Event "AUTO-ADV-682"]
[Site "http://www.queenalice.com/game.php?id=288508"]
[Date "2007.10.18"]
[Round "1"]
[White "razoman"]
[Black "lordean"]
[Result "0-1"]
[WhiteElo "1877"]
[BlackElo "1934"]

1. e4 e5 2. Nf3 Nc6 3. Bb5 d6 4. h3 a6 5. Ba4 Nf6 6. d3 b5 7. Bb3 Be7 8. c3 O-O
9. O-O Bb7 10. Re1 Na5 11. Bc2 c5 12. d4 Qc7 13. d5 Nc4 14. b3 Nb6 15. Nbd2 c4
16. bxc4 Nfd7 17. Bb2 bxc4 18. a4 a5 19. Ba3 f5 20. Rb1 fxe4 21. Bxe4 Bxd5 22.
Bxd5+ Nxd5 23. Ne4 Qc6 24. Rb5 N7b6 25. Nfg5 Bxg5 26. Nxg5 Nxc3 27. Qg4 Nxb5 28.
Qe6+ Kh8 29. axb5 Qd7 30. Qxd6 Qxd6 31. Bxd6 Rf5 32. Ne4 a4 33. Ba3 Kg8 34. f3
Rh5 35. Rc1 Rh6 36. Kf2 Re6 37. Nc5 Rd6 38. Ne4 Rd3 39. Ra1 Rb3 40. Nd2 Rxb5 41.
Ne4 Rb3 42. Nd2 c3 43. Nb1 c2 44. Nd2 Rxa3 45. Rc1 Rc8 46. Ke2 Nd5 47. g3 Nb4
48. Ne4 Nd3 0-1

[Event "AUTO-ADV-682"]
[Site "http://www.queenalice.com/game.php?id=288509"]
[Date "2007.10.18"]
[Round "1"]
[White "lordean"]
[Black "klitzke"]
[Result "1-0"]
[WhiteElo "1898"]
[BlackElo "1651"]

1. e4 e5 2. Nf3 Nc6 3. Bc4 d6 4. O-O a6 5. Nc3 Bg4 6. h3 Bxf3 7. Qxf3 Nf6 8. Nd5
Be7 9. Nxf6+ Bxf6 10. Qb3 O-O 11. Qxb7 Ne7 12. d3 Qd7 13. Qb3 Nc6 14. Qa4 h6 15.
Bd5 Rad8 16. Qxc6 Qc8 17. Bd2 Bh4 18. Ba5 1-0

[Event "AUTO-ADV-682"]
[Site "http://www.queenalice.com/game.php?id=288510"]
[Date "2007.10.18"]
[Round "1"]
[White "klitzke"]
[Black "lordean"]
[Result "0-1"]
[WhiteElo "1645"]
[BlackElo "1904"]

1. e4 e5 2. Nf3 Nc6 3. c3 Nf6 4. d4 exd4 5. Nxd4 Bc5 6. Nxc6 bxc6 7. Nd2 O-O 8.
Bd3 d5 9. e5 Re8 10. Nf3 Bg4 11. Be2 Bxf3 12. Bxf3 Rxe5+ 13. Be2 Qe7 14. Bf4 Re4
15. Qd2 Re8 16. O-O Rxe2 17. Qd3 Qe4 0-1

[Event "Challenge"]
[Site "http://www.queenalice.com/game.php?id=289806"]
[Date "2007.10.20"]
[Round "-"]
[White "lordean"]
[Black "RJGF"]
[Result "1-0"]
[WhiteElo "1881"]
[BlackElo "1747"]

1. e4 e6 2. Nf3 f5 3. exf5 exf5 4. Bc4 Nc6 5. O-O d5 6. Re1+ Be7 7. Bb5 Bd7 8.
d4 Nf6 9. Bg5 O-O 10. Bxc6 bxc6 11. Nbd2 c5 12. Nb3 c4 13. Nc5 Bxc5 14. dxc5 Re8
15. Bxf6 Rxe1+ 16. Nxe1 Qxf6 17. Qxd5+ Be6 18. Qxa8+ Kf7 19. Nf3 Qxb2 20. Re1
Qxa2 21. Ng5+ Kg6 22. Nxe6 Qxc2 23. Qe8+ Kh6 24. Qd8 Qc3 25. Qg5# 1-0

[Event "Challenge"]
[Site "http://www.queenalice.com/game.php?id=289808"]
[Date "2007.10.20"]
[Round "-"]
[White "RJGF"]
[Black "lordean"]
[Result "0-1"]
[WhiteElo "1860"]
[BlackElo "1997"]

1. d4 d5 2. c4 Nf6 3. Nc3 e6 4. Bg5 Bb4 5. a3 Bxc3+ 6. bxc3 h6 7. Bh4 O-O 8. Nf3
Nc6 9. cxd5 exd5 10. e3 a6 11. c4 Be6 12. Bd3 dxc4 13. Be4 Na5 14. Bc2 Qe7 15.
O-O Nb3 16. Bxb3 cxb3 17. e4 g5 18. Bg3 Nxe4 19. Re1 b2 20. Rb1 Nc3 21. Qd3 Nxb1
22. Qxb1 Qf6 23. Qxb2 Bd5 24. Be5 Qb6 25. Qc1 Bxf3 26. gxf3 Rfe8 27. Qc2 Qg6 28.
Qxg6+ fxg6 29. Re4 Re7 30. Kg2 Rf8 31. h4 gxh4 32. Rxh4 g5 33. Rxh6 Kf7 34. Bxc7
Kg7 35. Bd6 Kxh6 36. Bxe7 Rf7 37. Bc5 b5 38. Bb4 Kg6 39. d5 Rf5 40. d6 Rd5 41.
Kg3 Kf5 42. f4 g4 43. f3 Rd3 44. Bc5 Rxf3+ 45. Kg2 Rd3 46. Kf2 g3+ 47. Kg2 Kxf4
48. Bb4 Kg4 49. Bc5 Rd2+ 50. Kf1 g2+ 51. Kg1 Kg3 52. Bf2+ Rxf2 0-1

[Event "uesc"]
[Site "http://www.queenalice.com/game.php?id=293388"]
[Date "2007.10.26"]
[Round "-"]
[White "lordean"]
[Black "carlao2005"]
[Result "1-0"]
[WhiteElo "1894"]
[BlackElo "1604"]

1. f4 d5 2. Nf3 f6 3. g3 Nc6 4. Bg2 e5 5. fxe5 fxe5 6. d3 Nf6 7. O-O Bf5 8. c4
d4 9. Nxe5 Be6 10. Bxc6+ bxc6 11. Nxc6 Qd6 12. Na5 Qb6 13. Qa4+ Bd7 14. Qc2 Qxa5
15. e4 Bd6 16. Nd2 O-O 17. Nb3 Ba4 18. c5 Bxb3 19. Qxb3+ Kh8 20. cxd6 cxd6 21.
Bf4 Rab8 22. Qa3 Qc7 23. Bxd6 Qb6 24. Bxf8 Qxb2 25. Bxg7+ Kxg7 26. Qe7+ Kg6 27.
Qxf6+ Kh5 28. Rf5+ Kg4 29. Qh4# 1-0

[Event "uesc"]
[Site "http://www.queenalice.com/game.php?id=293390"]
[Date "2007.10.26"]
[Round "-"]
[White "carlao2005"]
[Black "lordean"]
[Result "0-1"]
[WhiteElo "1596"]
[BlackElo "1919"]

1. d4 f5 2. f3 Nf6 3. Nc3 g6 4. e4 fxe4 5. fxe4 d6 6. e5 dxe5 7. dxe5 Qxd1+ 8.
Nxd1 Ne4 9. Bd3 Bf5 10. Nf3 Bg7 11. Nc3 Nxc3 12. bxc3 Bxd3 13. cxd3 Nc6 14. d4
O-O-O 15. O-O Rhf8 16. Ng5 Rxf1+ 17. Kxf1 Rg8 18. Nxh7 b5 19. Bf4 b4 20. cxb4
Nxd4 21. a4 Rh8 22. Ng5 Rf8 23. g3 Bxe5 24. Nf3 Nxf3 25. Bxe5 Nxe5+ 26. Kg2 Nd3
27. b5 Rf2+ 28. Kg1 Re2 29. a5 Rb2 30. b6 cxb6 31. axb6 axb6 32. Ra8+ Kd7 33.
Rg8 Ne5 34. h4 b5 35. Rf8 b4 36. Rf4 b3 37. Re4 Nf3+ 38. Kh1 Rh2# 0-1

[Event "carlao2005"]
[Site "http://www.queenalice.com/game.php?id=349517"]
[Date "2008.2.6"]
[Round "2"]
[White "lordean"]
[Black "vania"]
[Result "1-0"]
[WhiteElo "1950"]
[BlackElo "1376"]

1. e4 e5 2. Nf3 Nf6 3. Nxe5 Nxe4 4. Bc4 d5 5. Bd3 f6 6. Qh5+ Ke7 7. Ng6+ Ke6 8.
Nxh8 g6 9. Qxh7 g5 10. O-O c5 11. Re1 c4 12. Bxe4 dxe4 13. Rxe4+ Kd5 14. Qg8+
Kxe4 15. Nc3+ Kf5 16. Qxc4 Be6 17. Qe4# 1-0

[Event "AUTO-ADV-682"]
[Site "http://www.queenalice.com/game.php?id=349755"]
[Date "2008.2.7"]
[Round "2"]
[White "Bobtzu"]
[Black "lordean"]
[Result "0-1"]
[WhiteElo "1986"]
[BlackElo "2026"]

1. e4 e5 2. Nf3 Nc6 3. d4 exd4 4. Nxd4 Bc5 5. Be3 Qf6 6. c3 Nge7 7. Bb5 Nd8 8.
O-O a6 9. Bd3 d6 10. Nd2 Ne6 11. N2f3 Nf4 12. Bc2 O-O 13. Qd2 Neg6 14. g3 Nh3+
15. Kg2 Ne5 16. Bg5 Nxg5 17. Qxg5 Qxg5 18. Nxg5 Bd7 19. Rad1 Bg4 20. f3 Bd7 21.
Bb3 Ng6 22. Rde1 h6 23. Nh3 Rfe8 24. Ne2 Bb5 25. c4 Bd7 26. Nhf4 Ne5 27. Nd5
Rac8 28. Nef4 c6 29. Nc3 Rb8 30. Rd1 b5 31. cxb5 axb5 32. Nd3 Nxd3 33. Rxd3 Be6
34. Bxe6 fxe6 35. Ne2 b4 36. Nd4 Bxd4 37. Rxd4 d5 38. exd5 exd5 39. Rc1 Re2+ 40.
Kh3 Rxb2 41. Rxc6 Rxa2 42. Rxd5 b3 43. Rdc5 Raa8 44. Rc1 b2 45. Rb1 Ra1 0-1

[Event "AUTO-ADV-682"]
[Site "http://www.queenalice.com/game.php?id=349756"]
[Date "2008.2.7"]
[Round "2"]
[White "lordean"]
[Black "Bobtzu"]
[Result "1-0"]
[WhiteElo "2004"]
[BlackElo "2023"]

1. c4 Nf6 2. d4 e6 3. Nf3 b6 4. e3 Bb7 5. Bd3 Be7 6. Nc3 O-O 7. e4 d6 8. O-O
Nbd7 9. Re1 e5 10. Nd5 Nxd5 11. exd5 exd4 12. Qc2 Nf6 13. Nxd4 Re8 14. Bf4 Bf8
15. Rxe8 Qxe8 16. Bg5 Qe5 17. Nf3 Qe7 18. Re1 Qd8 19. Bxh7+ Kh8 20. Bf5 g6 21.
Bxg6 fxg6 22. Nh4 Bg7 23. Nxg6+ Kg8 24. Re7 Bc8 25. Qc3 1-0

[Event "AUTO-ADV-682"]
[Site "http://www.queenalice.com/game.php?id=349759"]
[Date "2008.2.7"]
[Round "2"]
[White "lordean"]
[Black "nathanielfast"]
[Result "1-0"]
[WhiteElo "1975"]
[BlackElo "2122"]

1. c4 e5 2. e3 Nf6 3. d4 exd4 4. exd4 d5 5. Nc3 Bb4 6. Nf3 O-O 7. Be2 dxc4 8.
O-O Bxc3 9. bxc3 b5 10. a4 c6 11. Qc2 Nbd7 12. Ng5 h6 13. Ne4 Nd5 14. Ba3 Re8
15. Nd6 Re6 16. axb5 cxb5 17. Bg4 Rg6 18. Bf5 Rf6 19. Rfe1 Ne7 20. Rxe7 Qxe7 21.
Nxc8 Qd8 22. Ne7+ Kh8 23. Be4 Rc8 24. Nxc8 1-0

[Event "AUTO-ADV-682"]
[Site "http://www.queenalice.com/game.php?id=349760"]
[Date "2008.2.7"]
[Round "2"]
[White "nathanielfast"]
[Black "lordean"]
[Result "0-1"]
[WhiteElo "2133"]
[BlackElo "1952"]

1. e4 e5 2. Nf3 Nc6 3. Bb5 Nf6 4. O-O Nxe4 5. d4 exd4 6. Re1 f5 7. Nxd4 Qf6 8.
Bxc6 dxc6 9. f3 Bc5 10. Nc3 Qxd4+ 11. Qxd4 Bxd4+ 12. Kh1 Bxc3 13. bxc3 O-O 14.
fxe4 fxe4 15. Ba3 Re8 16. Rad1 Bf5 17. Bc5 Re5 18. Bd4 Ra5 19. Ra1 Ra3 20. Kg1
b6 21. Be5 Re8 22. Bxc7 Rxc3 23. Rac1 Bg4 24. Be5 Rxe5 0-1

[Event "AUTO-OPEN-870"]
[Site "http://www.queenalice.com/game.php?id=355205"]
[Date "2008.2.16"]
[Round "2"]
[White "lordean"]
[Black "Bergman"]
[Result "0-1"]
[WhiteElo "2008"]
[BlackElo "2454"]

1. c4 e5 2. e3 Nf6 3. d4 Bb4+ 4. Nd2 exd4 5. exd4 d5 6. a3 Bxd2+ 7. Bxd2 O-O 8.
Bd3 dxc4 9. Bxc4 Qxd4 10. Qb3 Ng4 11. O-O-O Nxf2 12. Nf3 Qb6 13. Bb4 c5 14.
Bxf7+ Kh8 15. Bc3 Bg4 16. Qxb6 axb6 17. Bd5 Nc6 18. h3 Bxf3 19. Bxf3 Nxh1 20.
Rxh1 b5 21. Kb1 b4 22. axb4 cxb4 23. Bd2 b3 24. Re1 Nd4 25. Bxb7 Nc2 26. Bxa8
Rxa8 27. Ba5 Nxe1 28. Bxe1 Re8 29. Bb4 Re2 30. g3 Re3 31. h4 Rxg3 32. Kc1 Rg2
33. Bc3 h5 34. Be5 Rg4 35. Kd2 Rxh4 36. Kc3 Rh3+ 37. Kd4 Kg8 38. Bf4 h4 39. Bg5
Rh2 40. Kc4 h3 41. Bf4 Rxb2 42. Bb8 h2 43. Bxh2 Rxh2 44. Kxb3 g5 0-1

[Event "AUTO-OPEN-870"]
[Site "http://www.queenalice.com/game.php?id=355206"]
[Date "2008.2.16"]
[Round "2"]
[White "Bergman"]
[Black "lordean"]
[Result "1-0"]
[WhiteElo "2438"]
[BlackElo "2006"]

1. c4 e5 2. Nc3 Nf6 3. Nf3 Nc6 4. g3 d5 5. cxd5 Nxd5 6. Bg2 Nxc3 7. bxc3 e4 8.
Ng1 Qd5 9. d3 Bf5 10. Qa4 O-O-O 11. Rb1 Qd7 12. dxe4 Ne5 13. Qd4 Be6 14. Be3
Qxd4 15. cxd4 Nc4 16. Nf3 Nxe3 17. fxe3 f6 18. Kf2 Bd6 19. Rhc1 Ba3 20. Rc3 Bxa2
21. Bh3+ Kb8 22. Rb5 Bd6 23. d5 f5 24. Nd4 fxe4 25. Nc6+ Ka8 26. Nxd8 Rf8+ 27.
Kg1 Rxd8 28. Rc2 Bxg3 29. hxg3 Bxd5 30. Rxc7 a6 31. Rb4 Bc6 32. Rxg7 a5 33. Rd4
Rxd4 34. exd4 h6 35. Be6 Ka7 36. d5 Be8 37. d6 Kb6 38. d7 Bxd7 39. Rxd7 Kc6 40.
g4 a4 41. Kf2 b5 42. Ke3 Kb6 43. Rh7 b4 44. Rxh6 Kc5 45. g5 Kd6 46. Bf5+ Kc5 47.
g6 b3 48. g7 b2 49. g8=Q b1=Q 50. Qc8+ Kb4 51. Rb6+ 1-0

[Event "carlao2005"]
[Site "http://www.queenalice.com/game.php?id=369396"]
[Date "2008.3.11"]
[Round "3"]
[White "carlao2005"]
[Black "lordean"]
[Result "1-0"]
[WhiteElo "1722"]
[BlackElo "2037"]

1. e4 e5 2. Nf3 Nc6 3. Nc3 Nf6 4. Bb5 Nd4 5. O-O Nxb5 6. Nxb5 c6 7. Nc3 d6 8. d4
Be6 9. Bg5 h6 10. Be3 Bc4 11. Re1 Qa5 12. Nd2 Be6 13. Nb3 Qc7 14. d5 cxd5 15.
exd5 Bf5 16. Qd2 Be7 17. f4 Ng4 18. Re2 O-O 19. fxe5 dxe5 20. Rf1 Nxe3 21. Qxe3
Bg4 22. Ree1 f6 23. h3 Bh5 24. Nd2 Bc5 25. Qxc5 Qxc5+ 26. Kh1 Rad8 27. Nde4 Qd4
28. d6 f5 29. g4 1-0

[Event "AUTO-INT-566"]
[Site "http://www.queenalice.com/game.php?id=370190"]
[Date "2008.3.13"]
[Round "2"]
[White "RJGF"]
[Black "lordean"]
[Result "0-1"]
[WhiteElo "1793"]
[BlackElo "2040"]

1. e4 e5 2. Nf3 Nc6 3. Bb5 a6 4. Bxc6 dxc6 5. O-O f6 6. Nxe5 fxe5 7. Nc3 Nf6 8.
d3 Be7 9. Bg5 O-O 10. Qd2 Be6 11. Rad1 Qd4 12. Na4 Qxa4 13. a3 h6 14. Bxh6 gxh6
15. f4 Bc5+ 16. Kh1 exf4 17. Qxf4 Ng4 18. Qg3 Qxc2 19. h3 Rxf1+ 20. Rxf1 Qe2 21.
Re1 Rf8 22. hxg4 Rf1+ 23. Rxf1 Qxf1+ 24. Kh2 Qg1+ 25. Kh3 h5 26. Qxc7 Bf2 27.
Qd8+ Kf7 28. Qc7+ Kg6 29. Qf4 Qh1+ 0-1

[Event "AUTO-INT-566"]
[Site "http://www.queenalice.com/game.php?id=370191"]
[Date "2008.3.13"]
[Round "2"]
[White "lordean"]
[Black "RJGF"]
[Result "0-1"]
[WhiteElo "2063"]
[BlackElo "1948"]

1. d4 d5 2. Bf4 Nc6 3. e3 Nf6 4. Nd2 e6 5. Bb5 Bd7 6. Ngf3 a6 7. Bxc6 Bxc6 8.
Ne5 Bd6 9. Nxc6 bxc6 10. Qf3 O-O 11. Bg5 e5 12. Bxf6 Qxf6 13. Qxf6 gxf6 14. Nb3
e4 15. O-O Kh8 16. f3 f5 17. fxe4 fxe4 18. Rf6 Rab8 19. Rff1 f5 20. g3 Rf6 21.
Rf2 h5 22. Raf1 Rbf8 23. c4 f4 24. gxf4 h4 25. Rg2 dxc4 26. Na5 h3 27. Rg3 Rg8
28. Kf2 Bxf4 29. Rxg8+ Kxg8 30. exf4 Rxf4+ 31. Ke2 Rg4 32. Nxc4 Rg5 33. Ke3 c5
34. dxc5 Rxc5 35. Rg1+ Kf7 36. b3 a5 37. Kxe4 Kf6 38. a4 c6 39. Rg8 Rd5 40. Rh8
Ke6 41. Rh6+ Ke7 42. Rxc6 Rd1 43. Rh6 Re1+ 44. Kf5 Rf1+ 45. Kg4 Kf7 46. Kxh3
Rf3+ 47. Kg4 Rxb3 48. Rb6 Rc3 49. Nxa5 Rc2 50. h4 Rd2 51. Nc6 Ke8 52. a5 Rg2+
53. Kf5 Kd7 54. Ne5+ Kc8 55. a6 Ra2 0-1

[Event "AUTO-INT-566"]
[Site "http://www.queenalice.com/game.php?id=370194"]
[Date "2008.3.13"]
[Round "2"]
[White "fabianno"]
[Black "lordean"]
[Result "0-1"]
[WhiteElo "2066"]
[BlackElo "2008"]

1. Nf3 Nf6 2. g3 c5 3. Bg2 Nc6 4. O-O d5 5. d3 e5 6. Bg5 Be7 7. Nbd2 O-O 8. c4
e4 9. Ne1 dxc4 10. Nxc4 Be6 11. Bxf6 Bxf6 12. Bxe4 Rc8 13. e3 b5 14. Nd2 Qb6 15.
Qc1 Rfd8 16. a3 c4 17. d4 Nxd4 18. exd4 Qxd4 19. Nef3 Qxb2 20. Rb1 Qxc1 21.
Rfxc1 c3 22. Nf1 a6 23. Bc2 Be7 24. a4 b4 25. Ne3 a5 26. h4 Bf6 27. Ng5 Bxg5 28.
hxg5 Rd2 29. Bf5 Bxf5 30. Nxf5 Re8 31. Ne3 Rxe3 32. fxe3 c2 33. Ra1 b3 34. Kf1
b2 35. Ke1 Rh2 36. e4 bxa1=Q 0-1

[Event "AUTO-INT-566"]
[Site "http://www.queenalice.com/game.php?id=370195"]
[Date "2008.3.13"]
[Round "2"]
[White "lordean"]
[Black "fabianno"]
[Result "1-0"]
[WhiteElo "2021"]
[BlackElo "2020"]

1. Nc3 Nf6 2. e4 e5 3. Nf3 Nc6 4. d4 exd4 5. Nxd4 Bb4 6. Nxc6 bxc6 7. Bd3 O-O 8.
O-O h6 9. e5 Bxc3 10. bxc3 Nd5 11. c4 Nb6 12. Qf3 Qe7 13. Ba3 c5 14. Qe4 g6 15.
Qf4 Kg7 16. Rfe1 Bb7 17. Rab1 Bc6 18. Bc1 Rh8 19. e6 fxe6 20. Bb2+ Kh7 21. Bxh8
Rxh8 22. Qxc7 Rf8 23. Qxa7 Qh4 24. f3 Qd4+ 25. Kh1 Nxc4 26. Rxe6 Ne5 27. Bxg6+
Nxg6 28. Rxc6 Ne5 29. Qxc5 Nxc6 30. Qxf8 1-0

[Event "HardGame"]
[Site "http://www.queenalice.com/game.php?id=415347"]
[Date "2008.6.9"]
[Round "-"]
[White "lordean"]
[Black "carlao2005"]
[Result "1-0"]
[WhiteElo "2053"]
[BlackElo "1891"]

1. e4 e5 2. Nf3 Nc6 3. Bb5 Nge7 4. O-O a6 5. Ba4 b5 6. Bb3 Ng6 7. d4 exd4 8.
Nxd4 Be7 9. a4 Nxd4 10. Qxd4 O-O 11. axb5 Bb7 12. bxa6 Bxa6 13. Rd1 d6 14. Nc3
Bf6 15. Qe3 Be5 16. Nd5 c5 17. c3 c4 18. Rxa6 Rxa6 19. Bxc4 Ra1 20. f4 Bf6 21.
b4 Re8 22. Bb5 Rf8 23. Qd3 Bh4 24. g3 Be7 25. Qe2 Kh8 26. h4 Rg8 27. h5 Nf8 28.
Qb2 Qa8 29. Nxe7 Qa7+ 30. Rd4 Rxc1+ 31. Qxc1 Qxe7 32. Qd2 Qb7 33. Qd3 Qb6 34.
Kg2 Ne6 35. Rxd6 Rd8 36. Rxb6 Rxd3 37. Bxd3 g6 38. hxg6 hxg6 39. Rxe6 fxe6 40.
b5 1-0

[Event "HardGame2"]
[Site "http://www.queenalice.com/game.php?id=415350"]
[Date "2008.6.9"]
[Round "-"]
[White "carlao2005"]
[Black "lordean"]
[Result "0-1"]
[WhiteElo "1822"]
[BlackElo "2046"]

1. d4 d5 2. c4 dxc4 3. e4 e5 4. Nf3 exd4 5. Nxd4 Nf6 6. Nc3 c5 7. e5 cxd4 8.
exf6 dxc3 9. Qe2+ Be6 10. Qe4 cxb2 11. Bxb2 Bb4+ 12. Ke2 Qd2+ 13. Kf3 Qxb2 14.
fxg7 Qf6+ 15. Ke2 Qxg7 16. Rb1 Nc6 17. Rxb4 Nxb4 18. f4 Nd3 19. Ke3 O-O-O 20.
Bxd3 Rxd3+ 21. Qxd3 cxd3 22. Rc1+ Kb8 23. g3 d2 24. Kxd2 Qd4+ 25. Ke2 Bg4+ 26.
Kf1 Bh3+ 27. Ke1 Re8# 0-1